000 00772nam a2200241 a 4500
001 BRCA_556
005 20190320203048.0
008 250805s1988----us-a---f##---#000-0#eng-#
020 _a0517662973
041 _aeng
_hfre
050 4 _aNK1530
_b.R33 1988
100 1 _aRacinet, Auguste
_d1825-1893
_91917
245 1 0 _aThe Encyclopedia of Ornament
_cA. Racinet.
260 _aNueva York
_bPortland House
_c1988
300 _a284 p.
_bil. (algunas a color)
_c34 cm.
440 0 _aThe Library of Design
_91918
500 _aTraducción de: Polychromatic Ornament
650 1 4 _aDecoración y ornamentación
_vDiccionarios y enciclopedias
_91919
650 1 4 _aColor
_xDecoración y ornamentación
_91920
650 1 4 _aArtes decorativas
_91921
902 _aREF
942 _2lcc
_cB
999 _c487
_d487